| 000 | 00576nam a22001937a 4500 | ||
|---|---|---|---|
| 005 | 20150324114212.0 | ||
| 010 | _aENG-112192 | ||
| 020 |
_a9789350097182 _c350.00 |
||
| 035 | _aEN-95724 | ||
| 037 | _bDBAD/PUB | ||
| 082 | _aN | ||
| 100 | _aKrishna Udayasankar | ||
| 245 |
_aKurukshetra / _cby Krishna Udayasankar |
||
| 260 |
_aGurgaon _bHachette Book Publishing _c2014 |
||
| 270 |
_a4th & 5th Floor, Corporate Centre, Plot No.94, Sector -44 _bGurgaon _e122003 |
||
| 300 |
_axvi,436p. _c22cm(pbk) |
||
| 490 | _aThe Aryavarta chronicles book 3 | ||
| 942 |
_2ddc _cEN _mKRI _hN |
||
| 999 |
_c91503 _d91503 |
||